000 00592nam a22002055i 4500
001 54234
003 ES-MaACL
005 20250930063053.0
007 t|
008 940202s1880 sp ||||1| spa d
040 _aCAM
_bspa
080 _a929:271.5
100 1 _aFita, Fidel,
_d1835-1917
_951052
245 1 0 _aGalería de jesuítas ilustres /
_cpor Fidel Fita y Colomé.
260 _a[Madrid] :
_b[s.n.],
_c1880 (
_fAntonio Pérez Dubrull)
300 _a280 p. ;
_c12 cm.
610 2 4 _aJesuitas-
_xBiografías.
_9149639
852 _aES-MaACL
_jF-895
999 _c54234
_d54234